Регионална библиотека "Любен Каравелов" - Русе

Домашен бит и техника за ІІІ клас (Запис номер 82972)

MARC детайли
000 -Лидер
Контролно поле с фиксирана дължина 01719nam a2200361 c 4500
003 - Код на организацията, давaща контролен номер
Контролно поле BLK
005 - Дата и час на последна редакция
Контролно поле 20180422104054.0
008 - Елементи от данни с фиксирана дължина
fixed length control field 180408b bul|||||r ||||||| ||bul||
010 ## - Наследен системен номер
LC control number KNG00087509000
020 ## - Международен стандартен номер на книга ISBN
Международен стандартен номер на книга ISBN 978-954-01-2093-5
-- издат.: Просвета
040 ## - Източник на каталожния запис
Идентификатор на билиотеката - собственик на записа BLK
041 ## - Код за език
Код за езика на текст/звукозапис или на отделно заглавие Български
Код за езика КДБФ Български
080 ## - УДК
Текстов определител УДК Специално обучение като елемент на общообразователното обучение - Обучение по техника, домакинство, селско стопанство и др.
УДК код - определител по УДК 373.6
УДК определител (075.2)
УДК - код + определител 373.6(075.2)
100 1# - Редна дума - Автор
Автор Витанов, Любен Владимиров
Авторска отговорност първи автор
R(LIN) 366231
139 ## - Редно поле
Редна дума Витанов, Любен Владимиров и др.
Авторски знак Вит - В 65
245 10 - Сведения за заглавието
Заглавие Домашен бит и техника за ІІІ клас
Редно поле (дума) Любен Владимиров Витанов; съавт. Георги Петков Иванов.
250 ## - Област на изданието
Сведения за изданието 2. прераб. изд.
257 ## - Страна на издаване
Страна на създаване/издаване България
260 ## - Област на издателските данни
-- София
Име на издателя, разпространителя и проч. Просвета
Година на издаване 2008
Печатница Пловдив : Нова Принт
300 ## - Физическа характеристика
Страници 44 с.
Илюстрации и др. с цв. ил.
Размери/Мащаб 26 см
380 ## - Жанр
Жанр Обществени науки
500 ## - Общи забележки
Забележка Авт. не са отбелязани на кор. - 1. изд. 2004.
650 #4 - Допълнително описание по предмет – тема
Основно описание – тема или топоним Трудово обучение - учебници за основни училища
9 (RLIN) 246771
653 ## - Ключова дума – ненормативна
Ключова дума трудово обучение
653 ## - Ключова дума – ненормативна
Ключова дума учебници за основни училища
653 ## - Ключова дума – ненормативна
Ключова дума ІІІ кл.
700 1# - Други автори (авторска отговорност)
Лично име Иванов, Георги Петков
Автороска отговорност (Описва отношението между автора и произведението) съавт.
9 (RLIN) 368792
852 ## - Местоположение
Форматна сигнатура Цб ІІ 15485
856 4# - Електронен адрес и достъп
Електронен формат pdf - файл
Път до файла /url/
856 4# - Електронен адрес и достъп
Електронен формат pdf - файл
Път до файла /url/
942 ## - АРТИКУЛИ
Вид на библиотечния материал Книги
Скрит в OPAC Не
944 ## - СЪЗДАВАНЕ И РЕДАКЦИЯ на ЗАПИСА
Създаване/Редакция Създаване
Дата на регистрацията/редакция 27.01.2009
Статус, дата на статуса ф /
Служител, извършил регистрацията/редакцията Людмила_Стоянова
944 ## - СЪЗДАВАНЕ И РЕДАКЦИЯ на ЗАПИСА
Създаване/Редакция Редакция
Дата на регистрацията/редакция 08.03.2012
Статус, дата на статуса ф /
Служител, извършил регистрацията/редакцията
999 ## - СИСТЕМНИ КОНТРОЛНИ НОМЕРА
Koha biblionumber 82972
Koha biblioitemnumber 82972
Наличности
Код за отписване Код за изгубен артикул Код за повреда Коз за рестрикции Код за отдаване Артикулен № Име на библиотеката - собственик Име на библиотеката, в която се намира в момента Статус (Текущо местоположение) Дата на вписване в системата Местоположение - отдел Цена в лева Инвентарен номер Систематично азбучна сигнатура Баркод Номер на екземпляра Цена в евро Служебна бележка Служебен тип на артикула Източник на класификационната схема
  Не е изгубен Не е повреден без рестрикции ползва се в читалня 134939 Регионална библиотека "Любен Каравелов" Русе Регионална библиотека "Любен Каравелов" Русе Хранилище 2009-01-26 Хранилище 0.00 120000733122 Цб ІІ 15485 120000733122 1 0.00 Дост: Dp Вид: Д N: 35 Дата: 13.08.2008 Книги  
  Не е изгубен Не е повреден без рестрикции заемане за дома 134940 Регионална библиотека "Любен Каравелов" Русе Регионална библиотека "Любен Каравелов" Русе Детски отдел 2012-03-02 Детски отдел 6.50 120000756392 ДН 373.3.016/В 65 120000756392 2 3.32 Дост: DA Вид: А N: 3 Дата: 01.03.2012 Дата инв: 21.08.2015 Бележки инв: Д2015 Книги Universal Decimal Classification
Vip Innovations Ltd, Rousse, Bulgaria 2025